000 00757cab a2200241 4500
001 WB3401-09
008 090401t1997 xxu||||| |||| 00| 0 eng d
035 _a(Sirsi) u82823
041 _aeng
245 _aImproved fire safety
260 _c1997
350 _a0
490 _aDETR News Release
_v(513/ENV) 15 December 1997, (2)
520 _aGovernment has issued a consultation paper which proposes improved fire safety in buildings. Responses by 31 March 1998.
650 _aBUILDING REGULATIONS 1991
650 _aBUILDINGS
650 _aCONSULTATION PAPER
650 _aMANAGEMENT-HEALTH AND SAFETY-FIRE SAFETY
650 _aGOVERNMENT PROPOSALS
690 _aBUILT ENVIRONMENT-BUILDING STANDARDS
942 _n0
948 _c19/12/1997
999 _c52305
_d52305